Qui ne fait pas partie du groupe de Kpop sur la photo? - Statistiques

Statistiques générales
  • Ce quiz a été pris 220 fois
    209 depuis la dernière actualisation
  • Le résultat moyen est 9 sur 15
Statistiques - réponses
Par images Réponse % Correct
Jimin
91%
Lia
86%
RM
86%
Jay
82%
Nayeon
80%
IU
73%
Ningning
70%
Yunjin
64%
Miyeon
62%
Moonbyul
49%
Johnny
39%
Joy
33%
Jinyoung
29%
Suho
27%
Sunwoo
27%
Aucun quiz correspondant
Distribution des résultats
% des personnes avec chaque résultat
Percentile par nombre de réponses
Votre historique - résultats
Vous n’avez pas pris ce quiz depuis la dernière actualisation